No border Αύγουστος 2009 Λέσβος : χαρακτηριστικά των σύγχρονων κοινωνικών κινημάτων και ο ρόλος των ΜΜΕ
Αποθηκεύτηκε σε:
| Κύριος συγγραφέας: | |
|---|---|
| Συγγραφή απο Οργανισμό/Αρχή: | |
| Μορφή: | Thesis Βιβλίο |
| Γλώσσα: | Greek |
| Δημοσίευση: |
2011.
|
| Θέματα: | |
| Διαθέσιμο Online: | http://hdl.handle.net/11610/11948 |
| Ετικέτες: |
Προσθήκη ετικέτας
Δεν υπάρχουν, Καταχωρήστε ετικέτα πρώτοι!
|
MARC
| LEADER | 00000cam a2200000 i 4500 | ||
|---|---|---|---|
| 001 | 1/15606 | ||
| 008 | 111011s2011 gr | ||| |||| ||gre|| | ||
| 035 | |l 10111046 | ||
| 040 | |a GR-MyUa |b gre |e AACR2 | ||
| 041 | 0 | |a gre | |
| 082 | 7 | |a 303.484 |2 (22) | |
| 100 | 1 | |a Μαραβάς, Ηλίας. | |
| 245 | 1 | 0 | |a No border Αύγουστος 2009 Λέσβος : |b χαρακτηριστικά των σύγχρονων κοινωνικών κινημάτων και ο ρόλος των ΜΜΕ / |c Ηλίας Μαραβάς ; επιβλέπων καθηγητής: Μιχάλης Ψημίτης. |
| 260 | |c 2011. | ||
| 300 | |a 59 + [65] σ. : |b εικ. ; |c 30 εκ. | ||
| 500 | |a Βιβλιογραφία: σ. 55-59. | ||
| 502 | |a Διατριβή (μεταπτυχιακή) – Πανεπιστήμιο Αιγαίου, Λέσβος, 2011. | ||
| 650 | 0 | |a Social movements |x International cooperation. | |
| 650 | 0 | |a Social movements |x Case studies. | |
| 650 | 0 | |a Emigration and immigration |x Press coverage. | |
| 650 | 0 | |a Immigrants in mass media. | |
| 650 | 0 | |a Newspapers |z Greece |z Lesbos Island. | |
| 650 | 0 | |a Refugees |x Social conditions. | |
| 650 | 0 | 0 | |a Dissertations, Academic |z Greece. |
| 700 | 1 | |a Ψημίτης, Μιχάλης, |e dgs | |
| 710 | 2 | |a Πανεπιστήμιο Αιγαίου |b Σχολή Κοινωνικών Επιστημών |b Τμήμα Κοινωνιολογίας |b Μεταπτυχιακό Πρόγραμμα Σπουδών Έρευνα για την Τοπική Κοινωνική Ανάπτυξη και Συνοχή. | |
| 852 | |a INST |b LESVOS |c DIATR |e 20111011 |h 133 |p 005100051396 |q 005100051396 |t MTXE |y 23 | ||
| 852 | |a INST |b LESVOS |c DIATR |e 20111011 |h 134 |p 005100051395 |q 005100051395 |t MTXE |y 23 | ||
| 856 | |u http://hdl.handle.net/11610/11948 | ||
| 901 | |a BIBL1-2011-3 | ||
| 924 | |a Μαραβάς |b Ηλίας |y Λέσβος |z 2011-04 | ||
| 970 | |a ΤΖΑΦΕΡΗ |b ΕΥΑΓΓΕΛΙΑ |z 2011/10/11 | ||